| Tag |
First Indicator |
Second Indicator |
Subfields |
| LEADER |
00000ccm a2200000 a 4500 |
| 001 |
in00000966421 |
| 005 |
20150927071728.0 |
| 007 |
hd afv|||baca |
| 008 |
860520s1641 miuhyz ai n 0 eng d |
| 035 |
|
|
|a (OCoLC)13590233
|
| 035 |
|
|
|9 AEV0237AM
|
| 037 |
|
|
|a CL0037000024
|b UMI
|
| 037 |
|
|
|b University Microfilms International, 300 N. Zeeb Rd., Ann Arbor, MI 48106
|
| 040 |
|
|
|a EAA
|c EAA
|d m/c
|d OCL
|d UtOrBLW
|
| 049 |
|
|
|a TXAI
|
| 099 |
|
|
|a film
|a B
|a 3609
|
| 100 |
1 |
|
|a Sternhold, Thomas,
|d -1549.
|
| 240 |
1 |
0 |
|a Whole book of Psalms
|
| 245 |
1 |
4 |
|a The whole booke of Psalmes /
|c collected into English meeter by Thomas Sternehold, Iohn Hopkins and others, conferred with the Hebrew, with apt notes to sing them withall ; set forth and allowed to be sung in churches ...
|
| 264 |
|
1 |
|a London : Printed by E. G. for the Company of Stationers,
|b [publisher not identified] ;
|c 1641.
|
| 300 |
|
|
|a 10 unnumbered pages, 86 pages, 5 unnumbered pages of music
|
| 336 |
|
|
|a notated music
|b ntm
|2 rdacontent
|
| 337 |
|
|
|a microform
|b h
|2 rdamedia
|
| 338 |
|
|
|a microfilm reel
|b hd
|2 rdacarrier
|
| 500 |
|
|
|a Plainsong notation.
|
| 500 |
|
|
|a Reproduction of original in Huntington Library.
|
| 510 |
4 |
|
|a Wing
|c B2382
|
| 533 |
|
|
|a Microfilm.
|b Ann Arbor, Mich. :
|c University Microfilms International,
|d 1978.
|e 1 microfilm reel ; 35 mm.
|f (Early English books, 1641-1700 ; 783:25)
|
| 500 |
|
|
|a Microform.
|
| 630 |
0 |
0 |
|a Bible.
|p Psalms
|x Paraphrases, English.
|
| 650 |
|
0 |
|a Hymns, English.
|
| 700 |
1 |
|
|a Hopkins, John,
|d -1570.
|
| 830 |
|
0 |
|a Early English books, 1641-1700 ;
|v 783:25.
|
| 999 |
|
|
|a MARS
|
| 999 |
f |
f |
|s 6c26eadf-c712-3839-84c7-dfdafb55a8fc
|i 32427464-6f9e-3e60-990f-4c1232ccfff2
|t 0
|
| 952 |
f |
f |
|p default
|a Texas A&M University
|b College Station
|c Sterling C. Evans Library
|d Evans: Microforms (3rd floor)
|t 0
|e film B 3609 783:25
|h Other scheme
|i microform -- microfilm reel
|
| 998 |
f |
f |
|a film B 3609 783:25
|t 0
|l Evans: Microforms (3rd floor)
|